Ariana Grande - Chansons commençant par B - Statistiques

Statistiques générales
  • Ce quiz a été pris 80 fois
  • Le résultat moyen est 9 sur 18
Statistiques - réponses
B % Correct
Baby I
71%
break up with your girlfriend, I'm bored
71%
bad idea
66%
Break Free
64%
bloodline
60%
Be My Baby
59%
Bye
59%
Bad Decisions
53%
Be Alright
53%
Better Off
52%
Borderline
43%
Break Your Heart Right Back
43%
Breathin
43%
Best Mistake
41%
Blazed
41%
Bang Bang
40%
Better Left Unsaid
33%
The Boy Is Mine
19%
Aucun quiz correspondant
Distribution des résultats
% des personnes avec chaque résultat
Percentile par nombre de réponses
Votre historique - résultats
Vous n’avez pas pris ce quiz